Driving results through social networks : how top organizations leverage networks for performance and growth

Αποθηκεύτηκε σε:
Λεπτομέρειες βιβλιογραφικής εγγραφής
Κύριος συγγραφέας:  Cross, Rob
Μορφή: Sách
Γλώσσα:Undetermined
Έκδοση:  Jossey-Bass  2009
Θέματα:
Ετικέτες: Προσθήκη ετικέτας
Δεν υπάρχουν, Καταχωρήστε ετικέτα πρώτοι!
Thư viện lưu trữ: Trung tâm Thư viện - Trường Đại học Công nghiệp TP. Hồ Chí Minh
LEADER 00549nam a2200157Ia 4500
001 UIH_04582
008 231011s9999 xx 000 0 und d
082 |a  658.044 
100 |a  Cross, Rob 
245 0 |a  Driving results through social networks : how top organizations leverage networks for performance and growth 
245 0 |c  Cross, Rob 
260 |b  Jossey-Bass 
260 |c  2009 
650 |a  Mạng lưới kinh doanh;  
927 |a Sách 
980 |a Trung tâm Thư viện - Trường Đại học Công nghiệp TP. Hồ Chí Minh